00380 2200157 4500001002100000005001500021035002000036245004100056100001500097300002600112260002800138082000800166084001400174020002200188990001200210INLIS00000000000293220250917092035 a0010-09250002791 aPesan Cinta Dari Turki /cNindi Elis0 aNindi Elis a208 hlm ;c14 x 21 cm aJakarta :bZettu,c2014 a813 a813 NIN p a978-602-1298-25-1 a0755701